00609nam a22001817a 45000010005000000030004000050050017000090080041000260200018000670400018000850500015001032450160001182500019002782600037002973000045003345000022003796500026004013103HMS20251226125955.0251226b cl ||||| |||| 00| 0 spa d a9788484739968 ahmsbspachms04aWO440 M29410aManual de analgesia y sedación en urgencias de pediatría / cEditor Susana Capapé Zache ; Sociedad Española de Urgencias Pediátricas. h[libro] a2ª edición  aMadrid, España :bErgon,c2012 a245 páginas :bilustraciones ;c20 cm. aIncluye índice  7aAnestesia y Analgesia